000 00619nam a2200181Ia 4500
008 100920s9999 xx 000 0 und d
082 _b91787
_a--- थ 87
100 _aअभ्यंकर कुसूम.
245 _aमी हरले ती जिंकली.
260 _bशशीदीप प्रकाशन, पुणे.
_c1987
300 _a178
_bसाधी
365 _b190
520 _aकादंबरी.
630 _aमी हरले ती जिंकली.
650 _aकादंबरी.
730 _aमी हरले ती जिंकली.
942 _cBOOK
999 _c732253
_d732250